| 000 | 00573nam a2200205Ia 4500 | ||
|---|---|---|---|
| 005 | 20250923145652.0 | ||
| 008 | 008 250917s9999 xx 000 0 eng d | ||
| 037 | _aTextual | ||
| 040 |
_aDSWL _beng _cDSWL |
||
| 041 |
_aeng _2eng |
||
| 084 |
_aY72:t.9365, N83 _qDSWL |
||
| 100 |
_aFreeman, D. _9837755 |
||
| 245 | 0 |
_aMargaret mead & samoa _c by D. Freeman |
|
| 260 |
_aHarmondsworth _bPenguin Books _c1983 |
||
| 300 | _axx,379 p. | ||
| 365 |
_aINR _b49.77 |
||
| 925 | _g49.77 | ||
| 942 |
_cTEXL _hY72:t.9365, N83 |
||
| 999 |
_c1454156 _d1454156 |
||